International Standard ISO 18436-7: condition monitoring and diagnostics of machines. Requirements for qualification and assessment of personnel. Part 7: Thermography
I tiakina i:
| Ngā kaituhi rangatōpū: | , |
|---|---|
| Hōputu: | Pukapuka |
| Reo: | Ingarihi |
| I whakaputaina: |
Ginebra
International Organization for Standardization
2014
|
| Putanga: | 2a. ed |
| Ngā marau: | |
| Ngā Tūtohu: |
Tāpirihia he Tūtohu
Kāore He Tūtohu, Me noho koe te mea tuatahi ki te tūtohu i tēnei pūkete!
|
MARC
| LEADER | 00000cam a2200000 a 4500 | ||
|---|---|---|---|
| 001 | UCC4370 | ||
| 003 | CL-VaPUC | ||
| 008 | 180727e20140000sz |||||||||||||||||eng|d | ||
| 082 | 0 | 4 | |a 658.3124 |b ISO |2 21 |
| 110 | 2 | |a ISO |e author |9 598615 | |
| 710 | 2 | |a International Organization for Standardization |e author |9 598616 | |
| 245 | 1 | 0 | |a International Standard ISO 18436-7: condition monitoring and diagnostics of machines. Requirements for qualification and assessment of personnel. Part 7: Thermography |
| 246 | 1 | 0 | |a Surveillance et diagnostic d'état des machines. Exigences relatives a la qualification et a l' evaluation du personnel. Partie 7: Thermographie |
| 250 | |a 2a. ed | ||
| 300 | |a 15 p | ||
| 942 | |c BK | ||
| 945 | |d 20180727 12:54:00 |a dcastane | ||
| 260 | |a Ginebra |b International Organization for Standardization |c 2014 | ||
| 500 | |a Documento licenciado por el INN para Pontificia Universidad Católica de Valparaíso. Creado 2018-07-09. Licencia solo un usuario. Copia y uso en red prohibidos | ||
| 650 | 7 | |a EVALUACION DE PERSONAL |2 CL-VaPUC |9 521161 | |
| 650 | 0 | |a Capacitación de empleados |9 257789 | |
| 650 | 0 | |a Recursos humanos |9 228420 | |
| 650 | 7 | |a TERMOGRAFIA |2 CL-VaPUC |9 598617 | |
| 583 | |a last modification |c 20180727 12:54:00 |k Rodrigo Vera | ||
| 999 | |c 371922 |d 371920 | ||
| 952 | |0 0 |1 0 |3 erb |4 0 |6 658_312400000000000_ISO_2014 |7 0 |8 A |9 489128 |a BIBMEC |b BIBMEC |i 5482313 |l 1 |o 658.3124 ISO 2014 |p 5482313 |r 2024-01-19 |s 2021-12-14 |w 2019-11-24 |y BK |z Catalogado en:20180727 |k MEC | ||